|
|
|
|
| LEADER |
00000nam a2200000 a 4500 |
| 001 |
vtls008767812 |
| 003 |
SK-MaSNL |
| 005 |
20260426014755.0 |
| 008 |
160610s2005 xo o g a 100 0bslo |
| 015 |
|
|
|a SNBA2006/05-02725
|
| 020 |
|
|
|a 8022321559 (brož.)
|
| 035 |
|
|
|a D5B71A9B-299F-4B12-AE57-A6B0F57F79E4
|
| 035 |
|
|
|a urn:nbn:sk:snk-aml6va
|
| 035 |
|
|
|a urn:nbn:sk:snk-am008u7n
|
| 040 |
|
|
|a SNK
|b slo
|c SNK
|e AACR2
|
| 041 |
0 |
|
|a slo
|b eng
|b ger
|
| 043 |
|
|
|a e-xo---
|
| 044 |
|
|
|a xo
|c SK
|
| 072 |
|
7 |
|a 929
|x Biografie
|2 konspekt
|
| 072 |
|
7 |
|a 930
|x Historická veda. Pomocné vedy historické. Archívnictvo
|2 konspekt
|
| 080 |
|
|
|a 930-051
|2 2001
|
| 080 |
|
|
|a 274/278-726.3
|2 2001
|
| 080 |
|
|
|a (092)
|2 2001
|
| 080 |
|
|
|a (063)
|2 2001
|
| 080 |
|
|
|a (437.6)
|2 2001
|
| 080 |
|
|
|a 929
|2 2001
|
| 245 |
0 |
0 |
|a Ján Kvačala
|b otec modernej komeniológie : [zborník z medzinárodného sympózia v Bratislave v dňoch 13. a 14. septembra 2004 na Evanjelickej bohosloveckej fakulte Univerzity Komenského : sympózium sa konalo z príležitosti 70. výročia smrti prof. ThDr. a PhDr. Jána Kvačalu]
|c zostavil Igor Kišš
|
| 250 |
|
|
|a [1. vyd.]
|
| 260 |
|
|
|a Bratislava
|b Univerzita Komenského
|c 2005
|
| 300 |
|
|
|a 189 s.
|b fotogr.
|
| 500 |
|
|
|a Fotogr. na front.
|
| 504 |
|
|
|a Bibliogr. odkazy
|
| 546 |
|
|
|a Res. angl. a nem.
|
| 600 |
1 |
7 |
|a Kvačala, Ján Radomil,
|d 1862-1934
|2 SNKMA
|9 160353
|
| 650 |
0 |
7 |
|a historici
|2 SNKPH
|9 54543
|
| 650 |
0 |
7 |
|a evanjelickí kňazi
|2 SNKPH
|9 69499
|
| 651 |
|
7 |
|a Slovensko
|2 SNKPH
|9 14231
|
| 655 |
|
7 |
|a biografie
|2 SNKPH
|9 27965
|
| 655 |
|
7 |
|a zborníky konferencií
|2 SNKPH
|9 70153
|
| 700 |
1 |
|
|a Kišš, Igor,
|d 1932-2018
|4 com
|9 89390
|
| 919 |
|
|
|a 80-223-2155-9
|
| 958 |
|
|
|a OND
|
| 999 |
|
|
|c 1168080
|d 1170010
|
| 952 |
|
|
|a SNK
|b SNK
|y VYP
|7 0
|p 17A0511398
|o snkSC 123818 D1
|i snk2006/10740
|8 0
|0 0
|1 0
|4 0
|d 2006-05-30
|l 0
|r 2026-02-24 20:54:27
|w 2026-02-24
|
| 952 |
|
|
|a SNK
|b SNK
|y PREZ
|7 0
|p 17A0511397
|o snkSC 123818
|i snk2006/10739
|8 0
|0 0
|1 0
|4 0
|d 2006-05-30
|f 1
|l 0
|r 2025-06-05 00:00:00
|w 2026-02-24
|
| 952 |
|
|
|t snkKVA 929(437.6)
|a SNKUST
|b SNKUST
|y PREZ
|7 0
|p 17A0509007
|o snkSC 123818 D2
|i snk2006/15865
|8 1
|0 0
|1 0
|4 0
|d 2006-08-10
|l 0
|r 2025-05-29 00:00:00
|w 2026-02-24
|